LEADER 01570nam a2200349 u 4500 001 000000117160 003 CaOOAMICUS 005 20090930082214.0 008 090930s2009 it a u000 u ita u 020 $z978-88-452-6332-3* 040 $aPUL$bita$dMCT 041 1 $aita$hfre$hlat 100 1 $aDescartes, René,$d1596-1650.$0(OLS)http://pul/name/6016 245 10$aOpere1637 - 1649 /$cRené Descartes ; testo francese e latino a fronte ; a cura di Giulia Belgioioso, con la collaborazione di Igor Agostini, Francesco Marrone, Massimiliano Savini. 260 $aMilano :$bBompiani,$c2009. 300 $aLXXI, 2531 p. :$bill. ;$c22 cm. 490 1 $aBompiani Il pensiero occidentale 500 $aInclude indici. 504 $aRiferimenti bibliografici in nota. 546 $aTesto in italiano con testo a fronte in francese e latino. 600 14$aDescartes, René,$d1596-1650.$0(OLS)http://pul/subject/2595 700 1 $aBelgioioso, Giulia.$0(OLS)http://pul/name/66696 830 0$aBompiani Il pensiero occidentale.$0(OLS)http://pul/title/99836 850 $aPUL 852 $aPUL$W1$xSL Filosofia 3$y81$m190 COLL 2.99$j134387$qDDC 21$B133366$CPULBib$Z2$F133366 $H111334 $82 900 $aCartesio,$d1596-1650$96016 941 1 $a9 960 $aCartesio,$d1596-1650$92595 983 3$aIl pensiero occidentale (Bompiani) 996 $6020$z978-88-452-6332-3*$9(OLS)http://pul/number/141908 996 $6245$aOpere1637 - 1649$9(OLS)http://pul/title/147410 996 $6260$aMilano :$bBompiani$9(OLS)http://pul/publisher/48240 LEADER 01418nam a2200301 a 4500 001 000000148349 003 CaOOAMICUS 005 20160107140937.0 008 160107s1947 sp a u000 u spa r 032 $aLibriCat 040 $aPUL$bita 100 1 $aCastán Lacoma, Laureano,$cvesc. tit. di Dalisandus in Isauria,$d1912-$0(OLS)http://pul/name/59865 245 10$aDestellos sacerdotales : $bvida del beato maestro Juan de Avila patrono del clero secular español /$cLaureano Castan Lacoma. 260 $aZaragoza :$bTalleres editoriales "El noticiero",$c1947. 300 $a503 p. :$bill. ;$c21 cm. 490 1 $aBiblioteca Maestro Avila ;$v02 504 $aBibliografia in nota. 600 04$aIohannes de Avila,$cs.,$d1500-1569.$0(OLS)http://pul/subject/13516 830 0$aBiblioteca Maestro Avila ;$v02.$0(OLS)http://pul/title/187161 850 $aPUL 852 $aPUL$W1$xDP1 Religione 1$y20$m642 G 45$j171044$qStampati$B172192$CPULBib$Z2$F172192 $81 941 1 $a8 960 $aIoannes de Avila,$cs.$d1500-1569$913516 960 $aGiovanni d'Avila,$cs.,$d1500-1569$913516 960 $aJuan de Avila,$cs.,$d1500-1569$913516 996 $6245$aDestellos sacerdotales : $bvida del beato maestro Juan de Avila patrono del clero secular español$9(OLS)http://pul/title/187160 996 $6260$aZaragoza :$bTalleres editoriales "El noticiero"$9(OLS)http://pul/publisher/84345